Porfa REMIX - Feid, Justin Quiles, J Balvin, Nicky Jam, Maluma, Sech - Estadísticas

Estadísticas generales
  • Esta prueba ha sido intentada 39 veces
  • La puntuación promedio es 415 de 683
Estadísticas de respuestas
Letra % Correcto
A
92%
a
92%
mi
92%
con
83%
conmigo
83%
de
83%
e
83%
es
83%
Esta
83%
La
83%
la
83%
las
83%
Las
83%
lo
83%
Lo
83%
los
83%
Me
83%
me
83%
no
83%
No
83%
pido
83%
por
83%
porfa
83%
que
83%
Que
83%
qué
83%
quédate
83%
quiero
83%
te
83%
Te
83%
un
83%
va
83%
vayas
83%
y
83%
Y
83%
comido
75%
como
75%
Cómo
75%
cómo
75%
contigo
75%
cuenta
75%
días
75%
el
75%
él
75%
El
75%
estar
75%
ha
75%
he
75%
le
75%
loco
75%
ni
75%
o
75%
pa
75%
si
75%
Si
75%
ti
75%
tiene
75%
tienes
75%
tocar
75%
75%
tu
75%
75%
yo
75%
Yo
75%
Buscando
67%
buscándote
67%
en
67%
ninguna
67%
noche
67%
67%
se
67%
67%
consigo
58%
favor
58%
hace
58%
has
58%
Perdí
58%
Pero
58%
pero
58%
aún
50%
Aún
50%
cuando
50%
despué
50%
después
50%
dura
50%
eres
50%
Eres
50%
ey
50%
mate
50%
pintura
50%
quieres
50%
toco
50%
toda
50%
verte
50%
Verte
50%
ya
50%
acuerdo
42%
Ahora
42%
ahora
42%
al
42%
Baby
42%
baby
42%
bellaqueándote
42%
comía
42%
cuerpo
42%
cura
42%
Dándote
42%
dejaba
42%
desnuda
42%
Ella
42%
esa
42%
estas
42%
Extraño
42%
falta
42%
familia
42%
imagino
42%
Instagram
42%
is
42%
late
42%
like
42%
meses
42%
olvido
42%
otra
42%
pasarme
42%
paso
42%
playa
42%
quitaba
42%
raya
42%
remix
42%
tan
42%
tengo
42%
the
42%
This
42%
toalla
42%
travesura
42%
una
42%
apretao
33%
bebé
33%
borraste
33%
cel
33%
cuarentena
33%
culito
33%
Dame
33%
dice
33%
Dice
33%
eh
33%
encontré
33%
enterao
33%
escribiste
33%
Ese
33%
ese
33%
Esto
33%
Fueron
33%
hay
33%
hecho
33%
jean
33%
lengua
33%
manicomio
33%
más
33%
mío
33%
mucho
33%
nada
33%
pantalla
33%
picheas
33%
pose
33%
sabor
33%
son
33%
vece
33%
veces
33%
vida
33%
Vuelve
33%
aquí
25%
busque
25%
contraseña
25%
duele
25%
eso
25%
fotos
25%
hasta
25%
hiere
25%
mueves
25%
para
25%
pensarte
25%
pichea
25%
pillaste
25%
Según
25%
tás
25%
todo
25%
veo
25%
voy
25%
amiga
17%
arde
17%
argentino
17%
Aunque
17%
ayuda
17%
bebiendo
17%
bendecío
17%
cagué
17%
chequeaste
17%
compras
17%
corazonada
17%
culo
17%
dejé
17%
desesperada
17%
despertó
17%
doy
17%
estés
17%
falte
17%
fantasma
17%
frío
17%
girl
17%
había
17%
hablara
17%
hackeaste
17%
inestable
17%
intenta
17%
jodío
17%
karma
17%
loca
17%
madrugada
17%
Mamacita
17%
mucha
17%
muero
17%
pendiente
17%
pensando
17%
pienses
17%
poder
17%
preocupada
17%
probarme
17%
prueba
17%
recuerdo
17%
recuperarte
17%
río
17%
robarme
17%
sabe
17%
sed
17%
sigo
17%
Solo
17%
suena
17%
tanto
17%
textea
17%
texteas
17%
trío
17%
visita
17%
WhatsApp
17%
acercó
8%
bien
8%
cansé
8%
convencío
8%
copas
8%
corrío
8%
cuántas
8%
Cuida
8%
del
8%
dijo
8%
Dime
8%
Dio
8%
dónde
8%
echábamo
8%
ejemplo
8%
entretienen
8%
hacen
8%
metío
8%
nadie
8%
pasé
8%
pedío
8%
Pusiste
8%
quinto
8%
revé
8%
ringtone
8%
sábanas
8%
soltaste
8%
Toy
8%
vieja
8%
virar
8%
distinto
0%
lejo
0%
llegué
0%
recinto
0%
robaba
0%
tinto
0%
Vino
0%
No se encontraron pruebas coincidentes
Distribución de puntuación
Porcentaje de gente con cada puntuación
Porcentaje por número respondido
Historial de tus puntuaciones
No has intentado esta prueba.